| 000 | 00422nam a2200169Ia 4500 | ||
|---|---|---|---|
| 008 | 131103s9999 xx 000 0 und d | ||
| 040 | _aLoreto College | ||
| 041 | _aEnglish | ||
| 082 |
_aF/SNO _bLCLIB/16460 |
||
| 100 | _aSnow,C.P. | ||
| 245 |
_aHomecomings _cC.P.Snow |
||
| 260 |
_aHarmondsworth _bPenguin Books _c1956 |
||
| 300 |
_a320 p. _c 18 cm. |
||
| 650 | _aFiction in English | ||
| 850 | _aLCLIB | ||
| 942 | _cBK | ||
| 999 |
_c15230 _d65709 |
||